Catálogo
 En Linea

La borrasca : (Registro nro. 34576)

Detalles MARC
000 -CABECERA
campo de control de longitud fija 00701nam a2200169 a 4500
001 - NÚMERO DE CONTROL
campo de control 000035085
005 - FECHA Y HORA DE LA ÚLTIMA TRANSACCIÓN
campo de control 20200930074108.0
008 - DATOS DE LONGITUD FIJA--INFORMACIÓN GENERAL
campo de control de longitud fija 111025s1908 sp 000 0 spa d
040 ## - FUENTE DE LA CATALOGACIÓN
Centro catalogador/agencia de origen DO-SdBNP
Lengua de catalogación spa
Centro/agencia transcriptor BNPHU
082 ## - NÚMERO DE LA CLASIFICACIÓN DECIMAL DEWEY
Número de clasificación xxxx
Número de documento/Ítem R892b
100 1# - ENTRADA PRINCIPAL--NOMBRE DE PERSONA
Nombre de persona Royo de León, José
9 (RLIN) 60744
245 13 - MENCIÓN DE TÍTULO
Título La borrasca :
Resto del título drama lírico en un acto, divino en tres cuadros, en verso y prosa /
Mención de responsabilidad, etc. José Royo de León ; música Miguel Santoja.
260 ## - PUBLICACIÓN, DISTRIBUCIÓN, ETC.
Lugar de publicación, distribución, etc. Madrid :
Nombre del editor, distribuidor, etc. R. Velasco, imp., Marqués de Santa Ana,
Fecha de publicación, distribución, etc. 1908.
300 ## - DESCRIPCIÓN FÍSICA
Extensión 49 p. ;
Dimensiones 20 cm.
500 ## - NOTA GENERAL
Nota general Estrenado con éxito estraordinario en el Teatro Barbieri la noche del 12 de noviembre de 1908.
700 12 - PUNTO DE ACCESO ADICIONAL--NOMBRE DE PERSONA
Nombre de persona Santonja Cantó, Miguel,
Fechas asociadas al nombre [1859-1940]
Término indicativo de función/relación mús.
9 (RLIN) 60745
Existencias
Estado de retiro Estado de pérdida Restricciones de uso No para préstamo Código de colección Localización permanente Ubicación/localización actual Ubicación en estantería Fecha de adquisición Número de inventario Total de préstamos Signatura topográfica completa Código de barras Fecha visto por última vez Precio válido a partir de Tipo de ítem Koha
      Excluido de préstamo Monografías: Libros y Folletos General General Depósito 25.10.2011 LF1   xxxx R892b 35085-10 25.06.2020 25.06.2020 No se presta

Con tecnología Koha